Mario Botta
Salvato in:
| Autore principale: | |
|---|---|
| Natura: | Libro |
| Lingua: | francese inglese tedesco |
| Pubblicazione: |
Koln :
Taschen,
2003
|
| Soggetti: | |
| Tags: |
Nessun Tag, puoi essere il primo ad aggiungerne!!
|
MARC
| LEADER | 00000nam a22000003a 4500 | ||
|---|---|---|---|
| 001 | stu89620 | ||
| 005 | 20150617225624.3 | ||
| 008 | 040817s2003------------------------fre-d | ||
| 020 | |a 3-8228-2344-9 | ||
| 040 | |a STU |b slo | ||
| 041 | 0 | |a fre |a eng |a ger | |
| 100 | 1 | |a Jodidio, Philip |4 aut | |
| 245 | 1 | |a Mario Botta | |
| 260 | |a Koln : |b Taschen, |c 2003 | ||
| 300 | |a 192 s | ||
| 650 | 7 | |a Botta |2 stusub | |
| 650 | 7 | |a architekti európski |2 stusub | |
| 996 | |b 284AU02620 |c A*4043 U |l AAKNAR |s A |a 24 |w stu89620_0001 | ||